LIBRARY & INFORMATION CENTRE, KCAET, TAVANUR

ONLINE PUBLIC ACCESS CATALOGUE (OPAC)

Bhouthika sastram kuttikalkku / (Record no. 6229)

MARC details
000 -LEADER
fixed length control field 00446cam a2200169ua 4500
041 ## - LANGUAGE CODE
Language code of text/sound track or separate title mal
082 ## - DEWEY DECIMAL CLASSIFICATION NUMBER
Classification number 530
Item number KES/BH
100 ## - MAIN ENTRY--AUTHOR NAME
Personal name Kesavan, Namboodiri .
245 ## - TITLE STATEMENT
Title Bhouthika sastram kuttikalkku /
260 ## - PUBLICATION, DISTRIBUTION, ETC. (IMPRINT)
Place of publication Thiruvananthapuram :
Name of publisher State Instititute of Languages ,
Year of publication 1960.
300 ## - PHYSICAL DESCRIPTION
Number of Pages 115 ; .
942 ## - ADDED ENTRY ELEMENTS (KOHA)
Koha item type Books
Holdings
Withdrawn status Lost status Damaged status Home library Current library Date acquired Full call number Accession Number Koha item type
Withdrawn     KAUAET Malayalam University 07/04/2012 530 1587 Books
free website counter